00738nam a2200241 a 4500001001300000003000900013005001700022008004100039020002500080082001600105100002000121245003600141260004900177300000900226500003500235505002400270650003100294700002000325902000800345942000700353952011900360999001700479nice12345678IN_TiNIC20260116013957.0050524s1995 mica grp 000 0 eng  a0310220 c548.800a220.92bGAR aGardner, Paul D aComplete Who`s Who in the Bible aMichigan bZondervan Publishing House c1995 a688p aincludes index and biblioraphy2 abibliography, index aBible-Biography-Dictionary1 aGardner, Paul D bRHR cBK 001040708REFaHMIbHMIcREFd2007-06-18g548.80l1o220.92 GARp019285r2023-07-11s2023-07-04w2026-01-16yBK c13340d13340